000 01058cam a2200301 a 4500
999 _c232644
_d232644
001 12977159
003 Nust
005 20170222090132.0
008 021022s2002 enk 000 1 eng
010 _a 2002727644
020 _a9780007127283
040 _aDLC
_cDLC
_dDLC
050 0 0 _aPR6058.I343
_bM53 2002a
082 0 0 _a823.914
_bHIG
100 1 _aHiggins, Jack,
_d1929-
245 1 0 _aMidnight runner /
_cJack Higgins.
260 _aLondon :
_bHarperCollins,
_c2002.
300 _a421 p. ;
_c25 cm.
650 0 _aDillon, Sean (Fictitious character)
_vFiction.
650 0 _aTerrorism
_xPrevention
_vFiction.
650 0 _aIntelligence officers
_vFiction.
650 0 _aBrothers
_xDeath
_vFiction.
650 0 _aWomen terrorists
_vFiction.
650 0 _aRevenge
_vFiction.
655 7 _aSuspense fiction.
_2gsafd
906 _a7
_bcbc
_corigcop
_d2
_encip
_f20
_gy-gencatlg
942 _2ddc
_cBK